|
|
|
|
| LEADER |
01143nam a22002417a 4500 |
| 001 |
AAL8549 |
| 003 |
BD-DhAAL |
| 005 |
20190403133728.0 |
| 008 |
160329s 2011bg ||||| |||| 00| 0 ben d |
| 999 |
|
|
|c 37254
|d 37254
|
| 020 |
|
|
|a 9789845040273
|
| 040 |
|
|
|a BD-DhAAL
|c BD-DhAAL
|
| 082 |
|
|
|a 891.4414
|
| 100 |
|
|
|a হোসেন, কাজী জাকির
|9 18849
|
| 245 |
|
|
|a রবীন্দ্রনাথ ও চিত্তরঞ্জন দাশ /
|c কাজী জাকির হোসেন
|
| 260 |
|
|
|a ঢাকা :
|b মূর্ধণ্য,
|c ২০১১
|
| 300 |
|
|
|a ৮০ পৃ. ;
|c ২১ সে.মি.
|
| 541 |
|
|
|e 8550
|
| 600 |
|
|
|a Tagore, Rabindranath,
|d 1861-1941.
|9 18830
|
| 852 |
|
|
|a Savar Campus Library
|c General Shelf
|
| 942 |
|
|
|2 ddc
|c BK
|
| 952 |
|
|
|0 0
|1 0
|2 ddc
|4 0
|6 891_000000000000000__4414_HOS
|7 0
|9 58550
|a SCL
|b SCL
|c GEN
|d 2016-03-29
|e Gift: BLC, Savar
|g 120.00
|l 0
|o 891.4414 HOS
|p 3020008549
|r 2016-03-29
|t 1
|w 2016-03-29
|y BK
|
| 952 |
|
|
|0 0
|1 0
|2 ddc
|4 0
|6 891_000000000000000__4414_HOS
|7 0
|9 62954
|a SCL
|b SCL
|c GEN
|d 2018-03-20
|e Gift: BLC, Savar
|g 120.00
|l 1
|m 1
|o 891.4414 HOS
|p 3020009581
|r 2022-11-20
|s 2022-11-17
|t 2
|w 2018-03-20
|y BK
|